Statistiques concernant Géographie de la France.

Cliquez ici pour prendre le quiz!

Statistiques générales

  • Ce quiz a été pris 2 837 fois
    (2 508 depuis la dernière actualisation)
  • Le résultat moyen est 19 sur 23

Statistiques - réponses

QuestionsRéponses% Correct
Quel fleuve traverse la capitale de la France?Seine
96%
A la frontière de quel pays se trouve-t-il?Italie
95%
Quel océan la borde?L'océan {Atlantique}
95%
Mer {Méditerranée}
93%
Quelles mer bordent la France ?Mer du {Nord}
91%
Quel massif montagneux est réputés pour ses stations de ski?Alpes
89%
Quelle chaîne de montagnes forme la frontière de la France avec l'Espagne?Pyrénées
89%
Quels sont les deux plus long fleuves qui traverse la France?Loire
88%
Quelle principauté est située dans ces montagnes?Andorre
87%
Quelle Ville-Etat est frontalière à la France?Monaco
86%
Quel est le point culminant de la France?Le Mont-Blanc
85%
Quelle ville française accueille le parlement européen?Strasbourg
85%
Manche
80%
Quelle grande ville française se situe dans les Bouches du Rhône.Marseille
80%
Rhin
80%
Quel lac se situe à la frontière française avec la Suisse?Lac {Léman}
79%
Avec quel pays la France a-t-elle sa plus grande frontière?Brésil (Guyane française)
77%
Combien de région la France métropolitaine contient-elle?13
75%
Combien de département la France métropolitaine compte-t-elle?96
69%
Quelle est la plus grande ville traversée par la Saône?Lyon
67%
Quelle est la plus grande région de la France?Nouvelle-Aquitaine
66%
Quel canal permet de passer de l'océan Atlantique à la mer Méditerranée?Canal du {Midi}
58%
Quelle est la plus grande ville française des outre-mers?Saint-Denis (La Réunion)
56%

Distribution des résultats

Percentile par nombre de réponses

% des personnes avec chaque résultat

Votre développement - résultats

Vous n’avez pas pris ce quiz depuis la dernière actualisation